Quizzes
Events
Quiz Creation
Community
Videos
Private Events
Remove Ads
Sign In
Join for FREE
Feedback
Dark Mode
Quiz Categories
Sports
Geography
Music
Movies
Television
Just For Fun
Miscellaneous
History
Literature
Language
Science
Gaming
Entertainment
Religion
Holiday
For Kids
Quiz Lab
Recent
Popular Today
Quiz Kudos Today
Editor Picks
Curator Picks
Quizzes by...
Day
Popularity
Type
Ratings
Length
Year
Community
Subscriptions
Recent Discussions
Orange Saloon
Badges
Playlists
Quests
Create
Leaderboards
Showdown
Live 5
Trivia Bingo
Activity
Puzzle Library
Sporcle Events
Private Events
Virtual Trivia
Globe League
Become a Host
Pub Owners
SporcleCon
Opinionation
Our Games
Videos
Blog
Mobile Apps
Partnerships
Remove Ads and Go Orange
Feedback
Music
Pop Music
The Beatles
Song
Album
Lyrics
Bands
Singers
Artist
Clip
Rock
Rap
Classical
Billboard
Country Music
Kpop
Taylor Swift
Music
Pop Music
The Beatles
Song
Album
Lyrics
Bands
Singers
Artist
Clip
Rock
Rap
Classical
Billboard
Country Music
Kpop
Taylor Swift
Random Quiz
Search Sporcle
×
Quiz Lab
Quiz Lab
Music
Song
Type in answers that appear in a list
Type in answers that appear in a list
Classic
Best Score? Go Orange.
What Are Your Favorite Porcupine Tree Songs Stats
Can you name the Your Favorite Porcupine Tree Songs?
By
steppenfloyd
10m
153 Questions
75 Plays
75 Plays
75 Plays
Comments
Comments
Give Quiz Kudos
Give Quiz Kudos
-
- Ratings
hide this ad
More Info
Replay
Link that replays current quiz
Next Quiz
Link to next quiz in quiz playlist
You Got
0%
They Got
Avg Score
17%
Avg Friend Score
Upgrade to see
Score Distribution
Jump to the score distribution portion of the page
Score
0/153
Timer
10:00
0
Plays Today
Porcupine Tree Album
Porcupine Tree Song
% Correct
Deadwing
Arriving Somewhere But Not Here
60%
Fear Of A Blank Planet
Anesthetize
58.7%
In Absentia
Blackest Eyes
56%
In Absentia
Trains
56%
Fear Of A Blank Planet
Fear Of A Blank Planet
50.7%
Deadwing
Deadwing
46.7%
Deadwing
Lazarus
44%
Fear Of A Blank Planet
Sleep Together
41.3%
In Absentia
The Sound Of Muzak
40%
On The Sunday Of Life...
Radioactive Toy
38.7%
Stupid Dream
Even Less
38.7%
Lightbulb Sun
Lightbulb Sun
38.7%
Lightbulb Sun
Shesmovedon
38.7%
Recordings
Even Less
38.7%
In Absentia
Heartattack In A Layby
38.7%
The Incident
Time Flies
38.7%
Fear Of A Blank Planet
My Ashes
37.3%
Fear Of A Blank Planet
Way Out Of Here
37.3%
Lightbulb Sun
Russia On Ice
36%
In Absentia
Gravity Eyelids
36%
Up The Downstair
Synesthesia
34.7%
Stupid Dream
Piano Lessons
34.7%
Deadwing
Halo
34.7%
The Sky Moves Sideways
The Sky Moves Sideways Phase 1
33.3%
Signify
Waiting Phase 1
33.3%
Signify
Dark Matter
33.3%
Signify
The Sleep Of No Dreaming
30.7%
Stupid Dream
Don't Hate Me
30.7%
Recordings
Buying New Soul
30.7%
In Absentia
Prodigal
30.7%
In Absentia
Strip The Soul
30.7%
Deadwing
Shallow
30.7%
Deadwing
Open Car
30.7%
Stupid Dream
A Smart Kid
29.3%
Fear Of A Blank Planet
Sentimental
29.3%
Nil Recurring
Normal
29.3%
On The Sunday Of Life...
Nine Cats
28%
Signify
Sever
28%
Stars Die-
Rare And Unreleased
Stars Die
28%
Stupid Dream
Pure Narcotic
28%
Deadwing
Mellotron Scratch
28%
Deadwing
The Start Of Something Beautiful
28%
The Incident
The Blind House
28%
Deadwing
Glass Arm Shattering
25.3%
Voyage 34
Voyage 34
24%
Lightbulb Sun
Hatesong
24%
The Incident
The Incident
24%
In Absentia
Collapse The Light Into Earth
22.7%
Up The Downstair
Burning Sky
21.3%
In Absentia
Wedding Nails
21.3%
In Absentia
The Creator Has A Masterpiece
21.3%
Porcupine Tree Album
Porcupine Tree Song
% Correct
The Incident
Bonnie The Cat
21.3%
The Incident
Remember Me Lover
21.3%
Up The Downstair
Fadeaway
20%
The Sky Moves Sideways
Dislocated Day
18.7%
The Sky Moves Sideways
The Sky Moves Sideways Phase 2
18.7%
Signify
Signify
18.7%
Stars Die-
Rare And Unreleased
Hallogallo
18.7%
Stupid Dream
Stranger By The Minute
18.7%
In Absentia
Lips Of Ashes
18.7%
Up The Downstair
Always Never
17.3%
Stupid Dream
Stop Swimming
17.3%
Lightbulb Sun
Feel So Low
17.3%
The Incident
Drawing The Line
17.3%
The Incident
I Drive The Hearse
17.3%
Up The Downstair
Up The Downstair
16%
The Sky Moves Sideways
The Moon Touches Your Shoulder
16%
Signify
Every Home Is Wired
16%
Lightbulb Sun
The Rest Will Flow
16%
In Absentia
.3
16%
On The Sunday Of Life...
The Nostalgia Factory
14.7%
On The Sunday Of Life...
Linton Samuel Dawson
14.7%
Staircase Infinities
The Joke's On You
14.7%
Lightbulb Sun
Four Chords That Made A Million
14.7%
Nil Recurring
What Happens Now?
14.7%
The Incident
Octane Twisted
14.7%
On The Sunday Of Life...
Jupiter Island
13.3%
Stupid Dream
This Is No Rehearsal
13.3%
Lightbulb Sun
Last Chance To Evacuate Planet Earth Before It Is Recycled
13.3%
Nil Recurring
Cheating The Polygraph
13.3%
The Incident
Flicker
13.3%
The Incident
Black Dahlia
13.3%
On The Sunday Of Life...
And The Swallows Dance Above The Sun
12%
Stupid Dream
Baby Dream In Cellophane
12%
Lightbulb Sun
How Is Your Life Today
12%
Lightbulb Sun
Where We Would Be
12%
The Incident
The Seance
12%
On The Sunday Of Life...
The Long Silence
10.7%
On The Sunday Of Life...
It Will Rain For A Million Years
10.7%
The Sky Moves Sideways
Moonloop
10.7%
Stars Die-
Rare And Unreleased
Smiling Not Smiling
10.7%
Deadwing
Shesmovedon (2004 Version)
10.7%
Up The Downstair
Small Fish
9.3%
Stupid Dream
Stupid Dream
9.3%
Recordings
In Formaldehyde
9.3%
Nil Recurring
Nil Recurring
9.3%
The Incident
Kneel And Disconnect
9.3%
The Incident
Your Unpleasant Family
9.3%
On The Sunday Of Life...
Footprints
8%
Staircase Infinities
Yellow Hedgerow Dreamscape
8%
Signify
Idiot Prayer
8%
Stars Die-
Rare And Unreleased
Wake As Gun I
8%
Porcupine Tree Album
Porcupine Tree Song
% Correct
Recordings
Disappear
8%
On The Sunday Of Life...
On The Sunday Of Life...
6.7%
Up The Downstair
Not Beautiful Anymore
6.7%
Staircase Infinities
Cloud Zero
6.7%
Stars Die-
Rare And Unreleased
Nine Cats (Acoustic Version)
6.7%
Stupid Dream
Slave Called Shiver
6.7%
Stupid Dream
Tinto Brass
6.7%
The Incident
Occam's Razor
6.7%
The Incident
Circle Of Manias
6.7%
On The Sunday Of Life...
Music For The Head
5.3%
On The Sunday Of Life...
Third Eye Surfer
5.3%
Staircase Infinities
Rainy Taxi
5.3%
Signify
Waiting Phase 2
5.3%
Signify
Light Mass Prayers
5.3%
Stars Die-
Rare And Unreleased
Wake As Gun II
5.3%
Recordings
Access Denied
5.3%
The Incident
Great Expectations
5.3%
On The Sunday Of Life...
Space Transmission
4%
On The Sunday Of Life...
Hymn
4%
On The Sunday Of Life...
Queen Quotes Crowley
4%
On The Sunday Of Life...
Begonia Seduction Scene
4%
Up The Downstair
Siren
4%
Staircase Infinities
Navigator
4%
The Sky Moves Sideways
Prepare Yourself
4%
Signify
Bornlivedie
4%
Signify
Intermediate Jesus
4%
Stars Die-
Rare And Unreleased
The Sound Of No-One Listening
4%
Stars Die-
Rare And Unreleased
Insignificance
4%
Metanoia
Metanoia I
4%
Metanoia
Insignificance
4%
Metanoia
Metanoia II
4%
Recordings
Cure For Optimism
4%
Recordings
Untitled
4%
Recordings
Ambulance Chasing
4%
Recordings
Oceans Have No Memory
4%
The Incident
The Yellow Windows On The Evening Train
4%
The Incident
Degree Zero Of Liberty
4%
On The Sunday Of Life...
Message From A Self-Destructive Turnip
2.7%
On The Sunday Of Life...
No Luck With Rabbits
2.7%
Up The Downstair
What You Are Listening To...
2.7%
Up The Downstair
Monuments Burn Into Moments
2.7%
Signify
Pagan
2.7%
Stars Die-
Rare And Unreleased
Colourflow In Mind
2.7%
Stars Die-
Rare And Unreleased
Fuse The Sky
2.7%
Stars Die-
Rare And Unreleased
Up The Downstair (Live In Rome)
2.7%
Stars Die-
Rare And Unreleased
Doors To The River
2.7%
Metanoia
Mesmer I
2.7%
Metanoia
Mesmer II
2.7%
Metanoia
Door To The River
2.7%
Metanoia
Milan
2.7%
Metanoia
Mesmer III|Coma Divine
1.3%
Quiz Playlist
Details
Report
Send in Message
Add To Playlist
More Info:
Only pick your favorite songs. This is a survey not a quiz.
Classic:
Type in answers that appear in a list
Last Updated: Feb 16, 2017
Quiz Scoreboard
CHALLENGE
Sign Up to Join the Scoreboard
Show All
Scores
Hide
Comments
May contain spoilers
Recently Published
Billboard Blitz: Fleetwood Mac
by CooCooCachoo
Music
15s
Presidents Visiting Landmarks
by Hejman
History
7m
An Introduction to Baseball
by treessimontrees
Sports
5m
More to Explore
Quiz From the Vault
Featured Blog Post
Where Did the Easter Bunny Come From?
hide this ad
You Might Also Like...
Tags
Song Quiz
Porcupine Tree
Progressive Rock
Today's Top Quizzes in Music
Browse Music
hide this ad
Today's Top Quizzes in Song
Browse Song
Top Contributed Quizzes in Music
1
Taylor Swift All Songs (2024)
2
Guess the Artist- 70s Songs
3
7-to-1: Billboard Hot 100 #1 Hits of 2010s
4
Sorting Albums and Songs
5
Taylor Swift Logic Puzzle
6
KPOP LOGIC QUIZ
7
2010s Album by Cover III
8
One Thing in Common: Music
9
Guess the Taylor Swift song (Mystery Song)
10
Guess The Taylor Swift Lyrics Song #1
Explore More
Trending Topics
Harry Potter
Disney
NBA
Marvel
Kpop
Crossword
Anime
Song
Pokémon
Country
Puzzle
NFL
Soccer
WWE
The Office
hide this ad
More By:
steppenfloyd
Quiz
Plays
Rating
Category
Featured
Created
Oscar Wilde or Frank Zappa
322
3.75
Miscellaneous
Dec 24, 2012
Featured On Baseball Digest's Front Page (1990-1999)
158
4.17
Sports
Jul 1, 2011
Bands/Musicians By Song Titles Part II
136
2.50
Music
Aug 31, 2011
Bands/Musicians By Song Titles
115
2.80
Music
Aug 26, 2011
Bands/Musicians By Song Titles Part III
98
3.50
Music
Sep 10, 2011
Go to Creator's Profile
Score Distribution
Quiz Creator Spotlight
steppenfloyd
Follow
Send a Message
Quizzes Created
-
Created Quiz Play Count
-
More By This Creator
Popular Quizzes Today
1
Find the US States - No Outlines Minefield
2
Find the Countries of Europe - No Outlines Minefield
3
The Countries of the World
4
Find the US States
5
US States
6
Popular People in 1961
7
Risky Map Clicking: Biggest States A-Z
8
Movies - When Are They Set?
More Music Quizzes
Missing Image or Not: Pink Floyd Songs
Quiz Lab
Trending Quizzes
Risky Map Clicking: Least Populous States A-Z
1-10 Letter G Words
1-10 Letter F Words
Risky Map Clicking: Next State Alphabetically
Risky Map Clicking: Biggest States A-Z
Recently Updated
Leaping Animals
pecheneg
Reality TV Shows (A-Z)
bhenderson79
Rickey Henderson's Hall of Fame Teammates
pecheneg
Champions League XIs: Arsenal
pecheneg
Quick Pick: Celebrities in WWE's Hall of Fame
aduchscher
A-Z Keypad Blitz II
pecheneg
Multiple Oscar Actors
pecheneg
Mystery Phrase Blitz: Oscar 'Best Actors'
pecheneg
F. Scott Fitzgerald Novels
LTH
Pick 3 Villains
ddd62291
Trending Topics
Disney
NBA
Anime
Harry Potter
Crossword
Marvel
Kpop
Country
Soccer
NFL
Pokémon
The Office
Puzzle
Song
WWE
Your Account Isn't Verified!
In order to create a playlist on Sporcle, you need to verify the email address you used during registration. Go to your
Sporcle Settings
to finish the process.
Report this User
Report this user for behavior that violates our
Community Guidelines
.
Details:
Send Report
Go to the Sporcle.com Mobile Site →
Comments